000 00297nam a22001097a 4500
008 170110b xxu||||| |||| 00| 0 eng d
020 _a9780131780941
041 _aeng
080 _26TH
_a618.2
245 _aEFFECTIVE LEADERSHIP & MANAGEMENT IN NURSING
_cSULLIVAN, E.J & DECKER, P.J
942 _2udc
_cBK
999 _c2664
_d2664